书目信息 |
| 题名: |
妄谈疯话
|
|
| 作者: | 宣永光 著 | |
| 分册: | ||
| 出版信息: | 南昌 百花洲文艺出版社 2013 |
|
| 页数: | 317页 | |
| 开本: | 24cm | |
| 丛书名: | ||
| 单 册: | ||
| 中图分类: | I266.1 | |
| 科图分类: | ||
| 主题词: | 杂文集--中国--现代 | |
| 电子资源: | ||
| ISBN: | 978-7-5500-0426-9 | |
| 000 | 00648nam0 2200229 450 | |
| 001 | 337882 | |
| 005 | 20150601081715.87 | |
| 010 | @a978-7-5500-0426-9@dCNY38.00 | |
| 100 | @a20130703d2013 em y0chiy50 ea | |
| 101 | 0 | @achi |
| 102 | @aCN@b360000 | |
| 105 | @aa z 000cy | |
| 106 | @ar | |
| 200 | 1 | @a妄谈疯话@Awang tan feng hua@e老宣放言录@f宣永光著 |
| 210 | @a南昌@c百花洲文艺出版社@d2013 | |
| 215 | @a317页@c图@d24cm | |
| 517 | 1 | @a老宣放言录@Alao xuan fang yan lu |
| 606 | 0 | @a杂文集@y中国@z现代 |
| 690 | @aI266.1@v5 | |
| 701 | 0 | @a宣永光@Axuan yong guang@f(1886 1960)@4著 |
| 801 | 0 | @aCN@b卓展宏图@c20150525 |
| 905 | @dI266.1@e1589@f4 | |
| 妄谈疯话:老宣放言录/宣永光著.-南昌:百花洲文艺出版社,2013 |
| 317页:图;24cm |
| ISBN 978-7-5500-0426-9:CNY38.00 |
| ● |
| 相关链接 |
|
|
|
|
正题名:妄谈疯话
索取号:I266.1/1589
 
预约/预借
| 序号 | 登录号 | 条形码 | 馆藏地/架位号 | 状态 | 备注 |
| 1 | 856548 | 208565480 | 第一样本阅览室/ [索取号:I266.1/1589] | 在馆 | |
| 2 | 856549 | 208565499 | 第二借阅区/ [索取号:I266.1/1589] | 在馆 | |
| 3 | 856550 | 208565505 | 第二借阅区/ [索取号:I266.1/1589] | 在馆 | |
| 4 | 856551 | 208565514 | 第二借阅区/ [索取号:I266.1/1589] | 在馆 |